Virányi Géza volt miniszteri tisztviselő, tartalékos százados gratuláló levele Szent-Györgyi Alberthez

Elmentve itt :
Bibliográfiai részletek
Szerző: Virányi Géza
Dokumentumtípus: Kézirat
Megjelent: 1937-12-14
Kulcsszavak:Levelezés - Virányi Géza - Szent-Györgyi Albert, Nobel-díj - 1937, Sport - gyorskorcsolyázás
Online Access:http://misc.bibl.u-szeged.hu/71152
LEADER 00731ntm a2200169 i 4500
001 misc71152
005 20241213104153.0
008 230306s1937 hu o 000 hun d
040 |a SZTE Miscellanea Repozitórium  |b hun 
041 |a hun 
100 1 |a Virányi Géza 
245 1 0 |a Virányi Géza volt miniszteri tisztviselő, tartalékos százados gratuláló levele Szent-Györgyi Alberthez  |h [elektronikus dokumentum] /  |c  Virányi Géza 
260 |c 1937-12-14 
300 |a 2 fol. 
561 |a Szent-Györgyi Albert gratuláló levelek 
695 |a Levelezés - Virányi Géza - Szent-Györgyi Albert, Nobel-díj - 1937, Sport - gyorskorcsolyázás 
856 4 0 |u http://misc.bibl.u-szeged.hu/71152/1/gratulalo_levelek_116.pdf  |z Dokumentum-elérés